01640nam a2200361 i 4500001001000000003000900010005001700019007000300036008004100039040003000080041000800110082002900118100004400147245009600191250002200287264007100309300002800380336002700408337003300435338002800468490002500496504007300521590002600594651005300620651005800673651004600731710006100777910003700838942001400875952020900889952016301098999001701261000017876DO-SdBNP20260327114713.0ta100407s1972 dr r 000 0 spa d aDO-SdBNPbspacBNPHUerda aspa 4a972.9304bH695p 19722221 aHoetink, H.,d1931-eautor9372054aut.13aEl pueblo dominicano (1850-1900) :bapuntes para su sociología histórica /cH. Hoetink. aSegunda edición aSantiago de los Caballeros, República Dominicana :bUCMM,c1972. a351 páginas ;c22 cm. ardacontentbtexto2txt ardamediabsin mediación2n ardacarrierbvolumen2nc0 aColección Estudios aIncluye referencias bibliográficas y notas al pie de las páginas aInventariado, 2026/DG 4aRepública DominicanaxCondiciones sociales946 4aRepública DominicanaxCondiciones económicas9281 4aRepública DominicanaxPoblación914232 aPontificia Universidad Católica Madre y Maestra 9843 aValidado. Control de calidad MFF 2ddccLBS1 00102ddc51708PDaBNPHUbBNPHUcHDd2010-04-07l0oBNPHU PD 972.9304 H695p 1972p17876-10r2020-06-25w2020-06-25yLBS1zPerteneció a la biblioteca personal de Carlos Larrabazal Blanco.ZNo se presta 00102ddc51708PDaBNPHUbBNPHUcHDd2026-03-23eDonaciónl0oBNPHU PD 972.9304 H695p 1972p2026-2424r2026-03-23te.2w2026-03-23yLBS1zBienvenido Brito c17400d17400